| 000 | 00750nam a2200229 4500 | ||
|---|---|---|---|
| 001 | 30939 | ||
| 003 | BD-RjUL | ||
| 005 | 20211209051635.0 | ||
| 008 | 140412s1948 1918 enk 001 0 eng d | ||
| 035 | _a(BD-RjUL) 31026 | ||
| 040 |
_aWBU _dm.c _dEUX _beng _cBD-RjUL |
||
| 041 | _aeng | ||
| 082 |
_a186 _bINP V-2 1948 |
||
| 100 | 1 |
_aInge, William Ralph, _d1860-1954. _959639 |
|
| 245 | 1 | 4 |
_aThe philosophy of Plotinus : _bthe Gifford lectures at St. Andrews, 1917-1918 / _cby William Ralph Inge. _nVOL. II. _pIN TWO VOLUMES. |
| 260 |
_aLondon ; _aNew York : _bLongmans, Green and Co, _c1948 |
||
| 300 |
_axii ,254 p. : _c22 cm. |
||
| 600 | 0 | 0 |
_aPlotinus. _994001 |
| 830 | 0 |
_v1917-1918 _994002 |
|
| 830 | 0 |
_aGifford lectures ; _994003 |
|
| 942 |
_2ddc _cBK |
||
| 999 |
_c30939 _d30939 |
||